[Event "Team Russia"]
[Site "Petergof"]
[Date "2015.08.01"]
[Round "1.25"]
[White "Kukhmazov, Arsen"]
[Black "Khramov, Andrey"]
[Result "1-0"]
[WhiteElo "2426"]
[BlackElo "2060"]
[PlyCount "75"]
[EventDate "2015.08.??"]
[EventType "team-swiss"]

1. d4 d5 2. c4 c6 3. Nf3 Nf6 4. Nc3 e6 5. Bg5 Nbd7 6. e3 Qa5 7. cxd5 Nxd5 8.
Qd2 Bb4 9. Rc1 c5 10. a3 Bxc3 11. bxc3 b6 12. c4 Qxd2+ 13. Nxd2 Ne7 14. Ne4 f6
15. Nd6+ Kf8 16. Bf4 Ng6 17. Bg3 Ke7 18. Be2 Ba6 19. h4 cxd4 20. exd4 e5 21.
Nf5+ Kf7 22. Bf3 Rad8 23. O-O Ne7 24. Nxe7 Kxe7 25. Rfe1 Ke6 26. dxe5 Nxe5 27.
Bd5+ Kf5 28. Bxe5 fxe5 29. Rc3 Rhf8 30. Rf3+ Kg6 31. Rg3+ Kf6 32. f4 exf4 33.
Re6+ Kf7 34. Rg5 g6 35. Rexg6+ Ke7 36. Re6+ Kf7 37. Rh6+ Ke8 38. Rg7 1-0

[Event "Team Russia"]
[Site "Petergof"]
[Date "2015.08.01"]
[Round "1.26"]
[White "Azimov, Ilyas"]
[Black "Afanasiev, Nikita"]
[Result "0-1"]
[WhiteElo "2058"]
[BlackElo "2281"]
[PlyCount "40"]
[EventDate "2015.08.??"]
[EventType "team-swiss"]

1. e4 d6 2. d4 g6 3. Bd3 Bg7 4. Ne2 Nf6 5. O-O O-O 6. c3 Nbd7 7. f4 e5 8. fxe5
dxe5 9. Ng3 exd4 10. cxd4 c5 11. d5 h5 12. Nc3 Ng4 13. Qe1 Bd4+ 14. Kh1 Qh4 15.
h3 Nf2+ 16. Rxf2 Qxg3 17. Nd1 Qxd3 18. Rf3 Qc2 19. Be3 Ne5 20. Rg3 h4 0-1

[Event "Team Russia"]
[Site "Petergof"]
[Date "2015.08.01"]
[Round "1.27"]
[White "Maksimov, Dmitri"]
[Black "Petrushev, Nikita"]
[Result "1-0"]
[WhiteElo "2307"]
[BlackElo "2060"]
[PlyCount "91"]
[EventDate "2015.08.??"]
[EventType "team-swiss"]

1. e4 c5 2. Nc3 Nc6 3. Bb5 e6 4. Bxc6 bxc6 5. d3 d6 6. f4 Ne7 7. Nf3 Ng6 8. Qe2
Be7 9. O-O O-O 10. g3 f5 11. e5 d5 12. b3 Ba6 13. Ba3 Bb5 14. h4 Qa5 15. Bb2
Rfe8 16. Ng5 Nf8 17. Qh5 g6 18. Qh6 Qc7 19. Nxh7 Nxh7 20. Qxg6+ Kh8 21. Qxe6
Bxh4 22. Qxf5 Qg7 23. g4 Rg8 24. g5 Bxg5 25. fxg5 Qh6 26. Ne4 d4 27. Bc1 Raf8
28. Qg4 Rxf1+ 29. Kxf1 Qh1+ 30. Qg1 Qxe4 31. Qg3 Qh1+ 32. Kf2 Qh5 33. e6 Nxg5
34. Bxg5 Rxg5 35. Rh1 Qxh1 36. Qxg5 Qh2+ 37. Ke1 Bxd3 38. cxd3 Qh1+ 39. Kf2
Qh2+ 40. Kf3 Qh3+ 41. Kf4 Qxd3 42. e7 Qe3+ 43. Kf5 Qh3+ 44. Ke5 Qh2+ 45. Ke6
Qh3+ 46. Kd6 1-0

[Event "Team Russia"]
[Site "Petergof"]
[Date "2015.08.01"]
[Round "1.28"]
[White "Rybakova, Polina"]
[Black "Zakariadze, Irina"]
[Result "1/2-1/2"]
[WhiteElo "1926"]
[BlackElo "1822"]
[PlyCount "80"]
[EventDate "2015.08.??"]
[EventType "team-swiss"]

1. e4 c5 2. Nf3 a6 3. c3 d5 4. exd5 Nf6 5. d4 cxd4 6. Nxd4 Qxd5 7. Qf3 e5 8.
Qxd5 Nxd5 9. Ne2 Nc6 10. Ng3 Be6 11. Bd3 Be7 12. O-O O-O 13. Bf5 Bxf5 14. Nxf5
Bc5 15. a3 b5 16. Nd2 Nde7 17. Nxe7+ Nxe7 18. b4 Bb6 19. c4 Bd4 20. Rb1 bxc4
21. Nxc4 Rac8 22. Ne3 Rc7 23. g4 g6 24. a4 Rb8 25. Bd2 f5 26. gxf5 gxf5 27.
Rfc1 Rbc8 28. b5 axb5 29. Rxc7 Rxc7 30. axb5 f4 31. b6 Bxb6 32. Rxb6 fxe3 33.
Bxe3 Rc6 34. Rb5 Ng6 35. Rb8+ Kf7 36. Rb7+ Kg8 37. Rb8+ Kf7 38. Rb7+ Kg8 39.
Rb8+ Kf7 40. Rb7+ Kg8 1/2-1/2

[Event "Team Russia"]
[Site "Petergof"]
[Date "2015.08.01"]
[Round "1.28"]
[White "Shnajder, Mark"]
[Black "Triapishko, Olexandr"]
[Result "0-1"]
[WhiteElo "2027"]
[BlackElo "2459"]
[PlyCount "78"]
[EventDate "2015.08.??"]
[EventType "team-swiss"]

1. d4 Nf6 2. c4 e6 3. Nc3 d5 4. cxd5 exd5 5. Bg5 Bb4 6. Nf3 Nbd7 7. e3 c5 8.
Bd3 c4 9. Bf5 Qa5 10. Qc2 O-O 11. O-O g6 12. Bxd7 Nxd7 13. a3 Bxc3 14. Qxc3
Qxc3 15. bxc3 f6 16. Bf4 Nb8 17. e4 dxe4 18. Nd2 Bf5 19. Nxc4 Rc8 20. Nd6 Rxc3
21. Nxb7 Nc6 22. Rfd1 Bg4 23. Rd2 Rd3 24. d5 Nd4 25. Nc5 Ne2+ 26. Kf1 Nxf4 27.
Nxd3 exd3 28. f3 Bf5 29. d6 h5 30. Kf2 Rd8 31. Ke3 Nd5+ 32. Kd4 Rxd6 33. Kc5
Rd8 34. g4 hxg4 35. fxg4 Be4 36. Kd4 f5 37. gxf5 Bxf5 38. Rc1 Kf7 39. Rc5 Nf6+
0-1

[Event "Team Russia"]
[Site "Petergof"]
[Date "2015.08.01"]
[Round "1.30"]
[White "Isayev, Maksym"]
[Black "Kolbyshev, Sergei"]
[Result "1/2-1/2"]
[WhiteElo "2121"]
[BlackElo "2154"]
[PlyCount "113"]
[EventDate "2015.08.??"]
[EventType "team-swiss"]

1. d4 Nf6 2. c4 c5 3. d5 e6 4. Nc3 exd5 5. cxd5 d6 6. g3 g6 7. Bg2 Bg7 8. Nf3
O-O 9. O-O Re8 10. Nd2 a6 11. a4 Nbd7 12. Nc4 Ne5 13. Na3 Rb8 14. Bf4 b6 15.
Qc2 Nh5 16. Bxe5 Bxe5 17. Nc4 Bg7 18. Qd2 f5 19. Rfe1 Qf6 20. Rab1 Bd7 21. e3
b5 22. axb5 axb5 23. Na5 b4 24. Ne2 Ra8 25. Nc4 Bb5 26. Qd3 Ra2 27. b3 Bxc4 28.
Qxc4 Rea8 29. Bf3 Rd2 30. Bxh5 gxh5 31. Nf4 Raa2 32. Re2 Rxe2 33. Nxe2 h4 34.
Nf4 hxg3 35. hxg3 Bh6 36. Ne6 Bxe3 37. Qb5 Bxf2+ 38. Kf1 Kf7 39. Qd7+ Kg6 40.
Qxd6 Bd4 41. Nf4+ Kh6 42. Qxf6+ Bxf6 43. Re1 Kg7 44. Ne6+ Kf7 45. Nxc5 Bd4 46.
Ne6 Bf6 47. Rd1 Rc2 48. Rd3 Ke7 49. Nd4 Bxd4 50. Rxd4 Kd6 51. Rxb4 Kxd5 52. Rh4
Rc7 53. Ke2 Rb7 54. b4 Ke5 55. Kf3 Kf6 56. g4 fxg4+ 57. Rxg4 1/2-1/2

[Event "Team Russia"]
[Site "Petergof"]
[Date "2015.08.01"]
[Round "1.31"]
[White "Kolmagorov, Alexey"]
[Black "Shemyakin, Valeriy"]
[Result "1/2-1/2"]
[WhiteElo "1992"]
[BlackElo "2091"]
[PlyCount "89"]
[EventDate "2015.08.??"]
[EventType "team-swiss"]

1. d4 c5 2. d5 e5 3. e4 d6 4. c4 g6 5. Nc3 Bg7 6. Be2 Ne7 7. Nf3 O-O 8. O-O h6
9. Ne1 f5 10. f3 f4 11. Nd3 Nd7 12. a3 Nf6 13. b4 b6 14. bxc5 bxc5 15. Rb1 g5
16. Bd2 h5 17. Nf2 Bd7 18. Nb5 Nc8 19. Rb3 Rb8 20. a4 a6 21. Nc3 Rxb3 22. Qxb3
g4 23. Nd3 Rf7 24. Ra1 Bf8 25. Kf1 Nh7 26. Be1 Ng5 27. Bf2 gxf3 28. Bxf3 h4 29.
Ke2 h3 30. Rg1 hxg2 31. Rxg2 Rg7 32. Ne1 Nxf3 33. Rxg7+ Bxg7 34. Nxf3 Bg4 35.
Nb1 Qb6 36. Qd1 Qb2+ 37. Nbd2 Nb6 38. Kf1 Bxf3 39. Nxf3 Nxc4 40. Ng5 Bh6 41.
Qh5 Bxg5 42. Qxg5+ Kf7 43. Qf5+ Ke8 44. Qc8+ Kf7 45. Qe6+ 1/2-1/2

[Event "Team Russia"]
[Site "Petergof"]
[Date "2015.08.01"]
[Round "1.32"]
[White "Potapova, Margarita"]
[Black "Miroshnik, Ekaterina"]
[Result "1-0"]
[WhiteElo "2069"]
[BlackElo "1786"]
[PlyCount "63"]
[EventDate "2015.08.??"]
[EventType "team-swiss"]

1. e4 e6 2. Nc3 d5 3. Nf3 Nf6 4. e5 Nfd7 5. d4 c5 6. dxc5 Bxc5 7. Bd3 Nc6 8.
Bf4 a6 9. O-O Qc7 10. Qe2 Nd4 11. Nxd4 Bxd4 12. Rfe1 Bxc3 13. bxc3 Qxc3 14. Qg4
g6 15. h4 Nc5 16. Qg5 h6 17. Qf6 Rg8 18. Bxh6 Nxd3 19. cxd3 Qa3 20. Rac1 Bd7
21. Rc7 Qe7 22. Qxe7+ Kxe7 23. Bg5+ Ke8 24. Rxb7 Rc8 25. Reb1 Bb5 26. d4 Rh8
27. Rb4 Kf8 28. a4 Bc4 29. Bf6 Rh5 30. Rb8 Re8 31. R4b7 Rf5 32. Be7+ 1-0

[Event "Team Russia"]
[Site "Petergof"]
[Date "2015.08.01"]
[Round "1.33"]
[White "Gurvich, Vitaly"]
[Black "Shubin, Kirill"]
[Result "1/2-1/2"]
[WhiteElo "2331"]
[BlackElo "2216"]
[PlyCount "56"]
[EventDate "2015.08.??"]
[EventType "team-swiss"]

1. d4 Nf6 2. Nf3 e6 3. c4 Bb4+ 4. Nbd2 O-O 5. a3 Bxd2+ 6. Qxd2 d5 7. e3 b6 8.
Be2 Bb7 9. O-O Nbd7 10. b3 Ne4 11. Qc2 Rc8 12. Nd2 Nxd2 13. Qxd2 c5 14. Bb2
cxd4 15. exd4 dxc4 16. bxc4 Ne5 17. Rac1 Rxc4 18. Bxc4 Nxc4 19. Qe2 Qd5 20. f3
b5 21. Rfd1 a5 22. Bc3 Ra8 23. Ra1 Rc8 24. Qe1 Qg5 25. Bd2 Qd8 26. Bc3 Qg5 27.
Bd2 Qd8 28. Bc3 Qg5 1/2-1/2

[Event "Team Russia"]
[Site "Petergof"]
[Date "2015.08.01"]
[Round "1.34"]
[White "Obodenko, Amir"]
[Black "Mikhailovsky, Vladimir"]
[Result "1-0"]
[WhiteElo "1970"]
[BlackElo "2231"]
[PlyCount "112"]
[EventDate "2015.08.??"]
[EventType "team-swiss"]

1. e4 e5 2. Nf3 Nc6 3. Bc4 Bc5 4. c3 Nf6 5. d3 O-O 6. O-O d6 7. Bb3 Bd7 8. Re1
Ne7 9. Nbd2 Ng6 10. Nf1 Re8 11. Be3 Bxe3 12. Rxe3 c6 13. Ng3 Qc7 14. d4 h6 15.
Qc2 Be6 16. Rd1 c5 17. dxe5 dxe5 18. Bxe6 fxe6 19. Red3 Nf4 20. Rd6 N4d5 21.
Rxe6 Rxe6 22. exd5 Ree8 23. Nf5 e4 24. d6 Qd7 25. Ne7+ Kh7 26. Nd2 Qe6 27. f3
Qxd6 28. Nxe4 Qxd1+ 29. Qxd1 Nxe4 30. Nd5 Nf6 31. Qd3+ Kh8 32. Nxf6 gxf6 33.
Qg6 Re6 34. Qxh6+ Kg8 35. Qg6+ Kh8 36. Qf7 Rae8 37. Qxb7 R8e7 38. Qc8+ Kg7 39.
Qxc5 Re2 40. h4 Rd7 41. b4 Rdd2 42. Qc7+ Kf8 43. Qg3 Rc2 44. f4 Rc1+ 45. Kh2
Ree1 46. Qd3 Rh1+ 47. Kg3 Rhd1 48. Qa6 Rxc3+ 49. Kg4 Rdd3 50. Qxf6+ Kg8 51.
Qe6+ Kg7 52. a4 Rg3+ 53. Kf5 Rge3 54. Qd7+ Kh6 55. Qd8 Kh7 56. Qd5 Re7 1-0

[Event "Team Russia"]
[Site "Petergof"]
[Date "2015.08.01"]
[Round "1.35"]
[White "Aleksandrovskiy, Dmitriy"]
[Black "Shchukin, Maksim"]
[Result "1-0"]
[WhiteElo "2207"]
[BlackElo "1820"]
[PlyCount "105"]
[EventDate "2015.08.??"]
[EventType "team-swiss"]

1. e4 c5 2. Nf3 Nc6 3. Bb5 e6 4. b3 Nge7 5. Bb2 a6 6. Bxc6 Nxc6 7. O-O Qc7 8.
c4 d6 9. d4 cxd4 10. Nxd4 e5 11. Ne2 Be7 12. Nbc3 O-O 13. Qd2 f5 14. Rad1 Be6
15. Nd5 Bxd5 16. exd5 Na7 17. f4 Rad8 18. Qe3 Nc8 19. fxe5 dxe5 20. Bxe5 Bc5
21. Bd4 Rde8 22. Qf2 Bd6 23. g3 b6 24. Nf4 Bxf4 25. gxf4 Re4 26. Rde1 Rfe8 27.
Be5 Qf7 28. Rxe4 fxe4 29. Qg2 Ne7 30. Qxe4 Nf5 31. Qd3 h5 32. Rf2 g5 33. Rg2 g4
34. Rf2 Nh4 35. d6 Nf3+ 36. Rxf3 gxf3 37. Kf2 Qe6 38. Qxf3 Qf7 39. h3 Kf8 40.
Qe3 Qf5 41. Kg2 Qc2+ 42. Qf2 Qg6+ 43. Kh2 Qe4 44. a3 Qd3 45. Qb2 Qf5 46. Qg2
Qf7 47. Qg5 Re6 48. Qd8+ Re8 49. Qxb6 Qg6 50. Qf2 Qd3 51. Qg2 Qh7 52. c5 Rc8
53. c6 1-0

[Event "Team Russia"]
[Site "Petergof"]
[Date "2015.08.01"]
[Round "1.36"]
[White "Kiseleva, Ekaterina"]
[Black "Kruglikova, Viktorija"]
[Result "1-0"]
[WhiteElo "1826"]
[BlackElo "1944"]
[PlyCount "97"]
[EventDate "2015.08.??"]
[EventType "team-swiss"]

1. e4 c5 2. Nc3 Nc6 3. f4 g6 4. Nf3 Bg7 5. Bc4 d6 6. O-O e6 7. f5 gxf5 8. exf5
d5 9. Bb5 exf5 10. Qe1+ Nge7 11. d3 O-O 12. Bg5 Qd6 13. Bxc6 Nxc6 14. Nh4 a6
15. Nxf5 Bxf5 16. Rxf5 Qg6 17. Qf1 Nd4 18. Rxd5 Nxc2 19. Rc1 Nb4 20. Rf5 Rae8
21. a3 Nc6 22. Bf6 Bh6 23. Rd1 Nd4 24. Bxd4 cxd4 25. Ne4 Re6 26. Qf3 Be3+ 27.
Kh1 Rc6 28. Nf6+ Kh8 29. Nd7 Re8 30. Ne5 Rxe5 31. Rxe5 Rf6 32. Qxb7 Qxd3 33.
Qc8+ Kg7 34. Qg4+ Qg6 35. Qxg6+ hxg6 36. b4 Rc6 37. Rc5 Re6 38. Rd5 Re4 39. Rd6
Re6 40. Rxe6 fxe6 41. a4 Kf6 42. b5 axb5 43. axb5 Ke5 44. b6 Kd5 45. b7 Bf4 46.
g3 Bb8 47. Kg2 e5 48. Rc1 Ke4 49. Rc8 1-0

[Event "Team Russia"]
[Site "Petergof"]
[Date "2015.08.01"]
[Round "1.37"]
[White "Malyshev, Grigory"]
[Black "Abramov, Nikita"]
[Result "1-0"]
[WhiteElo "2259"]
[BlackElo "2269"]
[PlyCount "81"]
[EventDate "2015.08.??"]
[EventType "team-swiss"]

1. d4 Nf6 2. c4 e6 3. Nc3 Bb4 4. e3 b6 5. Nge2 Ba6 6. a3 Be7 7. Ng3 d5 8. b3
O-O 9. Be2 c5 10. O-O Nc6 11. cxd5 Bxe2 12. Ngxe2 exd5 13. Bb2 Qd7 14. Na4 c4
15. bxc4 dxc4 16. Qc2 b5 17. Nc5 Bxc5 18. dxc5 Qe7 19. Qf5 Rfd8 20. Rad1 a5 21.
Rd6 Rxd6 22. cxd6 Qxd6 23. Bxf6 Qxf6 24. Qxb5 Ne5 25. Nd4 h6 26. h3 Qe7 27. a4
Qc7 28. Rb1 Rc8 29. Qd5 Qc5 30. Qe4 Nd7 31. Rb5 Qa3 32. Qb7 Rd8 33. Qc7 Qf8 34.
Nc6 Re8 35. Qxd7 c3 36. Rb3 c2 37. Rc3 Re4 38. Rxc2 g6 39. Nd4 Kg7 40. Rc7 h5
41. Ne6+ 1-0

[Event "Team Russia"]
[Site "Petergof"]
[Date "2015.08.01"]
[Round "1.38"]
[White "Kuzmin, Egor"]
[Black "Rudenko, Naum"]
[Result "1/2-1/2"]
[WhiteElo "2290"]
[BlackElo "1957"]
[PlyCount "106"]
[EventDate "2015.08.??"]
[EventType "team-swiss"]

1. c4 e6 2. Nc3 d5 3. d4 c6 4. cxd5 exd5 5. Nf3 Nf6 6. Bg5 Be7 7. Qc2 Nbd7 8.
e3 O-O 9. Bd3 Re8 10. O-O h6 11. Bf4 Nh5 12. Nxd5 Nxf4 13. Nxf4 Bd6 14. Ne2 Nf6
15. Ng3 Bg4 16. Nd2 Nd5 17. a3 Qh4 18. Bh7+ Kh8 19. Bf5 g6 20. Bxg4 Qxg4 21.
Qd1 Qxd1 22. Raxd1 f5 23. Ne2 Re6 24. Nc4 Bc7 25. g3 g5 26. Nc3 Rae8 27. Nd2
Bd6 28. Rc1 f4 29. e4 Nxc3 30. Rxc3 Bc7 31. d5 Rd6 32. Nc4 Rdd8 33. dxc6 b5 34.
b4 bxc4 35. Rxc4 Rd2 36. Kg2 a6 37. a4 Kg7 38. b5 axb5 39. axb5 Rb8 40. Ra1
fxg3 41. hxg3 Kg6 42. Rc5 Rf8 43. Rf5 Rxf5 44. exf5+ Kxf5 45. Ra7 Bb6 46. Rf7+
Ke6 47. c7 Rc2 48. Rh7 Bxc7 49. Rxh6+ Kf5 50. b6 Be5 51. b7 Rb2 52. Rh7 Bd4 53.
Rf7+ Kg4 1/2-1/2

[Event "Team Russia"]
[Site "Petergof"]
[Date "2015.08.01"]
[Round "1.39"]
[White "Bogdanov, Stanislav"]
[Black "Kuznetsov, Felix"]
[Result "1-0"]
[WhiteElo "1846"]
[BlackElo "2201"]
[PlyCount "67"]
[EventDate "2015.08.??"]
[EventType "team-swiss"]

1. d4 Nf6 2. Nf3 e6 3. Bf4 d5 4. e3 c5 5. c3 Qb6 6. Qb3 Nc6 7. Nbd2 Be7 8. Ne5
O-O 9. Ndf3 Na5 10. Qc2 Nh5 11. Bg3 Nxg3 12. hxg3 f5 13. g4 g6 14. gxf5 exf5
15. g3 c4 16. Bg2 Be6 17. O-O-O Qa6 18. Rh6 Kg7 19. Rdh1 Bg8 20. g4 fxg4 21.
Nxg6 gxf3 22. Nxe7 Qxh6 23. Rxh6 fxg2 24. Rg6+ Kf7 25. Qf5+ Ke8 26. Qe5 Kd7 27.
Qd6+ Ke8 28. Nxg8 Nc6 29. Rxg2 Rc8 30. Nf6+ Kf7 31. Nxd5 Rfd8 32. Qf6+ Ke8 33.
Rg8+ Kd7 34. Rg7+ 1-0

[Event "Team Russia"]
[Site "Petergof"]
[Date "2015.08.01"]
[Round "1.40"]
[White "Vorobyova, Ekaterina"]
[Black "Tikhonova, Dariya"]
[Result "0-1"]
[WhiteElo "1673"]
[BlackElo "1753"]
[PlyCount "118"]
[EventDate "2015.08.??"]
[EventType "team-swiss"]

1. e4 c5 2. c3 g6 3. d4 cxd4 4. cxd4 d5 5. e5 Nc6 6. Nf3 Bg4 7. Be3 Bg7 8. Be2
Nh6 9. h3 Bxf3 10. Bxf3 Nf5 11. O-O e6 12. Nc3 f6 13. Bg4 fxe5 14. Bxf5 exf5
15. dxe5 d4 16. Qb3 dxe3 17. Qxb7 exf2+ 18. Rxf2 Ne7 19. Rc1 O-O 20. Rd1 Rb8
21. Qxa7 Nc6 22. Qa4 Qe8 23. Qc4+ Kh8 24. e6 Rb4 25. Qd5 Rd4 26. Rxd4 Bxd4 27.
Nb5 Bxf2+ 28. Kxf2 Nd8 29. Qe5+ Kg8 30. e7 Rf7 31. exd8=Q Qxd8 32. Qe6 Qd2+ 33.
Kg1 Qd7 34. Qc4 Kg7 35. Qc3+ Rf6 36. a4 Qc6 37. Qe5 Kf7 38. Nd4 Qd6 39. Qe3 Qb6
40. Kh1 Rd6 41. Nc2 Qxe3 42. Nxe3 Ra6 43. b3 Rb6 44. a5 Rxb3 45. Nc4 Rb4 46.
Ne5+ Kf6 47. Nd7+ Ke7 48. Ne5 Rb5 49. Nc4 Rc5 50. Ne3 Rxa5 51. g4 f4 52. Nc4
Rc5 53. Nb6 Ke6 54. Na4 Rc2 55. h4 Ke5 56. h5 f3 57. hxg6 hxg6 58. Nb6 Kf4 59.
Nd5+ Kg3 0-1

[Event "Team Russia"]
[Site "Petergof"]
[Date "2015.08.01"]
[Round "1.41"]
[White "Tarasov, Alexandr"]
[Black "Bondarenko, Ivan"]
[Result "1-0"]
[WhiteElo "2305"]
[BlackElo "2062"]
[PlyCount "59"]
[EventDate "2015.08.??"]
[EventType "team-swiss"]

1. Nf3 Nf6 2. c4 c5 3. Nc3 b6 4. g3 Bb7 5. Bg2 e6 6. O-O Be7 7. d4 cxd4 8. Qxd4
d6 9. Bg5 h6 10. Bxf6 Bxf6 11. Qf4 a6 12. Rfd1 Be7 13. Ne5 dxe5 14. Rxd8+ Bxd8
15. Qxe5 Bf6 16. Qc7 Bxg2 17. Kxg2 Nd7 18. Rd1 Rd8 19. f4 Bxc3 20. bxc3 h5 21.
h4 e5 22. fxe5 Rh6 23. a4 a5 24. Rd6 Re6 25. Rxe6+ fxe6 26. Qd6 Nc5 27. Qxb6
Rc8 28. Qxa5 Kd7 29. Qa7+ Rc7 30. Qb8 1-0

[Event "Team Russia"]
[Site "Petergof"]
[Date "2015.08.01"]
[Round "1.42"]
[White "Golikov, Daniil"]
[Black "Payanidi, Janis"]
[Result "1/2-1/2"]
[WhiteElo "1995"]
[BlackElo "2238"]
[PlyCount "80"]
[EventDate "2015.08.??"]
[EventType "team-swiss"]

1. d4 Nf6 2. c4 e6 3. Nf3 b6 4. g3 Ba6 5. Nbd2 d5 6. cxd5 exd5 7. Bg2 Bd6 8.
O-O O-O 9. Re1 Re8 10. b3 Nbd7 11. Bb2 Rc8 12. Rc1 c5 13. a3 h6 14. Nf1 c4 15.
Ne3 b5 16. Nd2 Nb6 17. Nf5 g6 18. Nxd6 Qxd6 19. e4 dxe4 20. Nxe4 Nxe4 21. Bxe4
Nd5 22. bxc4 bxc4 23. Qd2 Kh7 24. Bg2 Rxe1+ 25. Qxe1 Bb7 26. Rc2 Rc7 27. Qd2
Qe6 28. h4 Qf5 29. Rc1 Nb6 30. Bxb7 Rxb7 31. d5 Qf3 32. Qb4 Qb3 33. Bd4 Qxb4
34. axb4 Nxd5 35. Rxc4 Rxb4 36. Rxb4 Nxb4 37. Bxa7 Nc6 38. Be3 f6 39. Kf1 Ne5
40. Bf4 Nd7 1/2-1/2

[Event "Team Russia"]
[Site "Petergof"]
[Date "2015.08.01"]
[Round "1.43"]
[White "Kovalev, Egor"]
[Black "Shinkevich, Maksim"]
[Result "1/2-1/2"]
[WhiteElo "2186"]
[BlackElo "1987"]
[PlyCount "122"]
[EventDate "2015.08.??"]
[EventType "team-swiss"]

1. Nf3 c5 2. g3 g6 3. d4 cxd4 4. Qxd4 Nf6 5. Bg2 Nc6 6. Qh4 Bg7 7. O-O Qb6 8.
a4 O-O 9. Ra3 Qb4 10. Qxb4 Nxb4 11. c3 Nc6 12. Nd4 e5 13. Nb5 Rd8 14. Rd1 Bf8
15. Nd6 Ne8 16. Nxe8 Rxe8 17. b4 a5 18. b5 Nd8 19. Ra2 Ne6 20. Nd2 Nc5 21. Nc4
d6 22. Nxd6 Rd8 23. Rad2 Nxa4 24. Nxb7 Rxd2 25. Rxd2 Bxb7 26. Bxb7 Rb8 27. Bc6
Nxc3 28. Bb2 Bb4 29. Bxc3 Bxc3 30. Rd7 a4 31. Ra7 Kg7 32. Rxa4 Bd4 33. e3 Bb6
34. Kf1 Kf6 35. Ke2 Ke6 36. Ra6 Kd6 37. Ra1 Rd8 38. Rd1+ Ke7 39. Ra1 Kd6 40.
Ra6 Rb8 41. Kd3 f5 42. Kc4 Kc7 43. Kd5 f4 44. Kxe5 fxe3 45. fxe3 Bxe3 46. Ra3
Bg1 47. h3 Rf8 48. Rf3 Rxf3 49. Bxf3 Bh2 50. Kf4 Kb6 51. Be2 h6 52. Bd3 Kc5 53.
Kf3 Bg1 54. Ke4 Bf2 55. Kf4 g5+ 56. Kf3 Be1 57. g4 Bh4 58. Ke4 Kb6 59. Kf5 Kc5
60. Kg6 Kb6 61. Kxh6 Kc5 1/2-1/2

[Event "Team Russia"]
[Site "Petergof"]
[Date "2015.08.01"]
[Round "1.44"]
[White "Pankova, Julia"]
[Black "Milovanova, Maria"]
[Result "0-1"]
[WhiteElo "1681"]
[BlackElo "1945"]
[PlyCount "66"]
[EventDate "2015.08.??"]
[EventType "team-swiss"]

1. e4 c5 2. Nf3 Nc6 3. d4 cxd4 4. Nxd4 e5 5. Nb5 d6 6. N1c3 a6 7. Na3 Be7 8.
Be3 Nf6 9. Nd5 Nxd5 10. exd5 Nb8 11. Bd3 O-O 12. Nc4 Nd7 13. a4 f5 14. f3 b6
15. a5 b5 16. Nb6 Nxb6 17. Bxb6 Qe8 18. O-O Bb7 19. c4 bxc4 20. Bxc4 Bf6 21.
Qb3 Qe7 22. Rfe1 Rf7 23. Bd3 Qd7 24. Rac1 Rc8 25. Rc2 Bg5 26. Ree2 Rff8 27. Qa2
Qf7 28. Bc4 e4 29. fxe4 fxe4 30. Rf2 Qg6 31. Qb3 Rxf2 32. Rxf2 e3 33. Re2 Qb1+
0-1

[Event "Team Russia"]
[Site "Petergof"]
[Date "2015.08.01"]
[Round "1.45"]
[White "Shuster, Andrei"]
[Black "Kruzhilin, Aleksey"]
[Result "0-1"]
[WhiteElo "2075"]
[BlackElo "2141"]
[PlyCount "74"]
[EventDate "2015.08.??"]
[EventType "team-swiss"]

1. e4 e5 2. Nf3 Nc6 3. Bb5 a6 4. Ba4 Nf6 5. d3 b5 6. Bb3 Bc5 7. O-O O-O 8. h3
d6 9. c3 Be6 10. Re1 Qd7 11. Be3 Ba7 12. Nbd2 h6 13. Nf1 Rae8 14. Bxa7 Nxa7 15.
a4 b4 16. Bxe6 Qxe6 17. cxb4 Rb8 18. Qd2 Nc6 19. Rec1 Nxb4 20. Rxc7 a5 21. Ne3
Rfc8 22. Rxc8+ Rxc8 23. Ra3 d5 24. exd5 Nfxd5 25. Nxd5 Qxd5 26. Qe2 Rc1+ 27.
Kh2 f6 28. Ne1 Qd4 29. Nf3 Qd5 30. Ne1 Qd6 31. g3 Qd4 32. Nf3 Qd5 33. Ne1 Nc2
34. Qf3 Qxf3 35. Nxf3 Nxa3 36. bxa3 Ra1 37. d4 Rxa3 0-1

[Event "Team Russia"]
[Site "Petergof"]
[Date "2015.08.01"]
[Round "1.46"]
[White "Karpenko, Artem"]
[Black "Shugalei, Mikhail"]
[Result "1-0"]
[WhiteElo "2276"]
[BlackElo "1692"]
[PlyCount "75"]
[EventDate "2015.08.??"]
[EventType "team-swiss"]

1. e4 e5 2. Bc4 Nf6 3. d3 d6 4. Nf3 Nc6 5. c3 Be7 6. O-O O-O 7. Nbd2 Be6 8. Bb3
Na5 9. Bc2 c5 10. Re1 Bg4 11. h3 Bh5 12. Qe2 Qc7 13. b3 b5 14. g4 Bg6 15. Nf1
Nc6 16. Ng3 d5 17. g5 dxe4 18. dxe4 Nh5 19. Qxb5 a6 20. Qc4 Nf4 21. h4 Qd7 22.
Bxf4 exf4 23. Nf5 Bh5 24. Qd5 Qc7 25. Qxc6 Qxc6 26. Nxe7+ Kh8 27. Nxc6 Bxf3 28.
Bd1 Bxd1 29. Raxd1 Rac8 30. Ne7 Rc7 31. Nd5 Rc6 32. Nxf4 c4 33. b4 f6 34. g6 h6
35. Rd7 Rfc8 36. Red1 Rf8 37. f3 Rg8 38. Nh5 1-0

[Event "Team Russia"]
[Site "Petergof"]
[Date "2015.08.01"]
[Round "1.48"]
[White "Protopopova, Anastasiya"]
[Black "Zavgorodniaya, Alena"]
[Result "1-0"]
[WhiteElo "2177"]
[BlackElo "1988"]
[PlyCount "65"]
[EventDate "2015.08.??"]
[EventType "team-swiss"]

1. Nf3 d5 2. d4 Nf6 3. c4 c6 4. e3 e6 5. b3 Nbd7 6. Nbd2 b6 7. Bb2 Bb7 8. Bd3
c5 9. O-O Be7 10. Ne5 O-O 11. cxd5 Nxe5 12. dxe5 Nxd5 13. Be4 Bg5 14. Qe2 a5
15. Rad1 Bh6 16. Nc4 Qc7 17. Nd6 Ba6 18. Nc4 b5 19. Nd6 c4 20. bxc4 bxc4 21.
Bxd5 exd5 22. Bc3 Qc6 23. Qf3 Bb7 24. Nxb7 Qxb7 25. Rxd5 a4 26. Rfd1 Qe7 27.
Rd6 Rac8 28. Qg4 g6 29. e6 f5 30. Qh3 Qg5 31. f4 Qh5 32. Qxh5 gxh5 33. e7 1-0

[Event "Team Russia"]
[Site "Petergof"]
[Date "2015.08.01"]
[Round "1.49"]
[White "Ermolaev, Evgeny"]
[Black "Navrodskiy, Boris"]
[Result "1/2-1/2"]
[WhiteElo "2296"]
[BlackElo "2035"]
[PlyCount "68"]
[EventDate "2015.08.??"]
[EventType "team-swiss"]

1. e4 c6 2. d4 d5 3. f3 e6 4. Nc3 Bb4 5. Bf4 Nf6 6. Qd3 b6 7. Bxb8 Rxb8 8. e5
Nd7 9. f4 c5 10. a3 Bxc3+ 11. bxc3 b5 12. Nf3 Qa5 13. Kf2 c4 14. Qe3 Nb6 15.
Ng1 O-O 16. g4 f6 17. exf6 Rxf6 18. g5 Rf8 19. Ne2 e5 20. dxe5 d4 21. cxd4 Nd5
22. Qc1 Nxf4 23. Nxf4 Qc3 24. Qe3 Qxc2+ 25. Kg1 Bb7 26. Rc1 Qf5 27. Ne2 Qg4+
28. Ng3 Rf3 29. Qd2 Rd8 30. Bg2 Rd3 31. Qb2 Rb3 32. Qd2 Rd3 33. Qb2 Rb3 34. Qd2
Rd3 1/2-1/2

[Event "Team Russia"]
[Site "Petergof"]
[Date "2015.08.01"]
[Round "1.50"]
[White "German, Nikita"]
[Black "Shilyaev, Fedor"]
[Result "1/2-1/2"]
[WhiteElo "1987"]
[BlackElo "2148"]
[PlyCount "77"]
[EventDate "2015.08.??"]
[EventType "team-swiss"]

1. e4 e5 2. Nf3 Nc6 3. Bb5 Nge7 4. O-O g6 5. c3 a6 6. Ba4 Bg7 7. d4 exd4 8.
cxd4 b5 9. Bc2 d6 10. h3 O-O 11. Nc3 h6 12. d5 Na5 13. Qd3 c5 14. dxc6 Nexc6
15. Nd5 Be6 16. a3 Rc8 17. Rb1 Nc4 18. b3 N4e5 19. Nxe5 dxe5 20. Bd1 Bxd5 21.
exd5 Nd4 22. f4 Qxd5 23. fxe5 Qxe5 24. Bb2 Qc5 25. Kh1 Nf5 26. Bxg7 Kxg7 27.
Bg4 Rcd8 28. Qf3 Ne3 29. Rbc1 Qd4 30. Rfe1 Nxg4 31. hxg4 Rfe8 32. Rf1 Qd5 33.
Qf6+ Kg8 34. Rcd1 Qxd1 35. Qxf7+ Kh8 36. Qf6+ Kg8 37. Qf7+ Kh8 38. Qf6+ Kg8 39.
Qf7+ 1/2-1/2

[Event "Team Russia"]
[Site "Petergof"]
[Date "2015.08.01"]
[Round "1.52"]
[White "Granovskaya, Ekaterina"]
[Black "Khusnutdinova, Alsu"]
[Result "0-1"]
[WhiteElo "1626"]
[BlackElo "2133"]
[PlyCount "106"]
[EventDate "2015.08.??"]
[EventType "team-swiss"]

1. e4 c5 2. Nf3 d6 3. d4 cxd4 4. Nxd4 Nf6 5. f3 a6 6. c4 Nc6 7. Be3 g6 8. Nc3
Bg7 9. Rc1 O-O 10. b3 Bd7 11. Be2 Nxd4 12. Bxd4 Bh6 13. Rc2 Nh5 14. O-O Nf4 15.
Nd5 Bc6 16. Nxf4 Bxf4 17. g3 Be5 18. Qd3 Bxd4+ 19. Qxd4 Qa5 20. Rd1 Rad8 21.
Bf1 Qh5 22. Be2 Qa5 23. Bf1 f5 24. Bg2 f4 25. gxf4 Rxf4 26. Rcd2 Qg5 27. Qc3
Rdf8 28. Rd3 Rh4 29. Qe1 Rh5 30. Qg3 Qc5+ 31. Kh1 Rg5 32. Qe1 Rh5 33. Qg3 Rg5
34. Qe1 Qe5 35. Kg1 Qe6 36. Qh4 Qf6 37. Qh3 Rd8 38. Rf1 Bd7 39. Qh6 Be6 40. Kh1
Rh5 41. Qe3 Qh4 42. Qg1 Qf4 43. Rf2 Rc8 44. Bf1 Rcc5 45. Rg2 Rcg5 46. Rdd2 Qxf3
47. Be2 Qxg2+ 48. Qxg2 Rxg2 49. Kxg2 Rg5+ 50. Kf3 Kg7 51. Ke3 Rg2 52. Kf3 Rxh2
53. Kg3 Rh3+ 0-1